000 nam a22 7a 4500
999 _c7603
_d7603
008 170922b xxu||||| |||| 00| 0 eng d
100 _94108
_aFortin.F.
245 _aSports the Complete
260 _bFirety Book
_c2009